[Event "45th FIDE Chess Olympiad Open"]
[Site "Budapest, Hungary"]
[Date "2024.09.13"]
[Round "3.148"]
[White "Latorre, Matias"]
[Black "Shaw, Jaden"]
[Result "1-0"]
[WhiteElo "2264"]
[BlackElo "2051"]
[PlyCount "145"]
[EventDate "2024.??.??"]
[WhiteTeam "Paraguay"]
[BlackTeam "Jamaica"]
[WhiteTeamCountry "PAR"]
[BlackTeamCountry "JAM"]
[WhiteClock "0:00:50"]
[BlackClock "0:00:30"]

1. c4 Nf6 2. Nc3 c5 3. Nf3 g6 4. e3 Bg7 5. d4 cxd4 6. exd4 d5 7. Qb3 dxc4 8. Bxc4 O-O 9. Ne5 e6 10. Be3 Nc6 11. Nxc6 bxc6 12. O-O ({RR} 12. Be2 Nd5 13. Nxd5 cxd5 14. O-O a5 15. Rfc1 Ba6 16. Bxa6 Rxa6 17. Rc5 a4 18. Qb5 Qb6 19. Rac1 h5 20. g3 Bf6 21. Qd3 Ra7 22. R1c2 Rb7 23. h4 Bg7 24. Kg2 Ra8 25. Qd1 Qa6 26. Qd2 Bf8 {Cruz,F (2249)-Berdayes Ason,D (2476) Badalona ESP 2024 ½-½}) 12... Qc7 13. Ne2 $146 ({RR} 13. h3 Nd5 14. Rac1 Rb8 15. Qc2 Nxe3 16. fxe3 c5 17. Ne2 cxd4 18. Nxd4 Qb6 19. b3 Bxd4 20. exd4 Qxd4+ 21. Qf2 Qxf2+ 22. Rxf2 Rd8 23. Re1 Rb6 24. Re5 Rc6 25. Ra5 Rc7 26. g4 h6 27. Kh2 Kg7 {Pogats,J-Szabo,L Budapest 1961 0-1 (47)}) ({RR} 13. h3 Rb8 14. Qc2 Nd5 15. Ne4 Qb6 16. Bxd5 cxd5 17. Nc5 Qxb2 18. Qd3 Qb6 19. Rfb1 Qc7 20. Rxb8 Qxb8 21. Rb1 Qc7 22. Qb3 h6 23. Qb8 Qa5 24. a4 Kh7 25. Qd6 Qc3 26. Rb8 e5 27. Nd7 Bxd7 {Galaviz Medina,A (2147)-Duran Vega,S (2392) Cancun MEX 2023 0-1 (48)}) ({RR} 13. h3 Nd5 14. Nxd5 exd5 15. Be2 Rb8 16. Qc3 f5 17. g3 Qb6 18. b3 f4 19. Bxf4 Bxd4 20. Qd3 Bf5 21. Qd2 Rbe8 22. Rad1 Bg7 23. Bg4 Bxg4 24. hxg4 d4 25. Rfe1 c5 26. Rxe8 Rxe8 27. Re1 Qc6 {Liu,P (2378)-Zhang,Y (2290) Suzhou 2001 ½-½ (36)}) 13... Nd5 14. Bxd5 cxd5 15. Rfc1 Qb6 16. Qxb6 axb6 17. Rc6 Ba6 18. Nc3 b5 19. Rb6 Bf6 20. a3 Rfc8 21. Rc1 Bd8 22. Rd6 Kf8 23. Bf4 Ke8 24. g3 g5 25. Be5 Ke7 26. Re1 Bb7 27. Nxb5 Ra5 28. Rxd8 Rxd8 29. Nc3 Rc8 30. g4 Rc4 31. Rd1 Ra6 32. Bg3 Rb6 33. Rd2 Rb3 34. f3 Bc8 35. Kf2 Bd7 36. Ke1 Rc6 37. Kd1 Rcb6 38. Kc1 f6 39. h4 Kf7 40. hxg5 fxg5 41. Be5 Kg8 42. Bf6 Be8 43. Be7 Ra6 44. Bb4 Bg6 45. Rf2 Rc6 46. Kd1 Rc4 47. Rd2 Kf7 48. Ke2 h5 49. gxh5 Bxh5 50. Kf2 Kg6 51. Bd6 Rc6 52. Bb4 Rc4 53. Bd6 Kf5 54. Ke3 Bf7 55. Rg2 Rb7 56. Be5 Bg6 57. Kd3 Rc8 58. b4 Ra8 59. Ra2 Be8 60. Bd6 Ra6 61. Bc5 Kf4 62. a4 Kxf3 63. a5 g4 64. Ra1 g3 65. Rf1+ Kg2 66. Rf8 Bg6+ 67. Ke3 Rg7 68. Bb6 Bh7 69. Ne2 Kh1 70. b5 Rxb6 71. axb6 g2 72. Kf2 Rb7 73. Rf4 1-0

[Event "45th FIDE Chess Olympiad Open"]
[Site "Budapest, Hungary"]
[Date "2024.09.13"]
[Round "3.149"]
[White "Meier, Georg"]
[Black "Espinoza Solano, Jose Nahum"]
[Result "1-0"]
[WhiteElo "2591"]
[BlackElo "2156"]
[PlyCount "99"]
[EventDate "2024.??.??"]
[WhiteTeam "Uruguay"]
[BlackTeam "Nicaragua"]
[WhiteTeamCountry "URU"]
[BlackTeamCountry "NCA"]
[WhiteClock "0:15:19"]
[BlackClock "0:29:28"]

1. Nf3 {Sagar,Shah} Nf6 2. g3 g6 3. Bg2 Bg7 4. O-O O-O 5. d4 d5 6. c3 c6 ({RR} 6... Nbd7 7. Nbd2 c5) ({RR} 6... c5 7. dxc5 a5 8. Be3 Nc6 9. Na3 a4 10. Qc1 e5 11. Rd1 Qe7 12. Nb5 Be6 13. Ng5 Bg4 14. Nd6 h6 15. Nf3 Kh7 16. h3 Be6 17. b4 axb3 18. axb3 Rxa1 19. Qxa1 Ne4 20. Nd2 f5 21. N2xe4) 7. Nbd2 Bf5 8. Nh4 Ne4 ({RR} 8... Be6 9. Qc2 ({RR} 9. e4 dxe4 10. Nxe4 Nxe4 11. Bxe4 Nd7 12. Bg2 Bd5) 9... Nbd7 10. f4 ({RR} 10. e4 dxe4 11. Nxe4 Nxe4 12. Bxe4 Bh3 ({RR} 12... Nf6 13. Bg2 Bd5) 13. Bg2 Bxg2 14. Kxg2 e5) 10... Bg4 ({RR} 10... c5 11. f5 gxf5 12. Nxf5 Bxf5 13. Qxf5 cxd4 14. cxd4 Qb6 15. Nb3 Rac8) 11. Re1 ({RR} 11. e4 dxe4 12. Nxe4 Nxe4 13. Qxe4 Nf6 14. Qc2 e6 15. h3 Bf5 16. Nxf5 exf5) 11... e6 ({RR} 11... c5 12. h3 Be6 13. f5 gxf5 14. Nxf5 Bxf5 15. Qxf5 cxd4 16. cxd4 Qb6) 12. e4 Nxe4 13. Nxe4 dxe4 14. Qxe4 Bf6 ({RR} 14... Nf6 15. Qd3) ({RR} 14... c5 15. Qxb7 Rb8 ({RR} 15... cxd4 16. Qxa8 Qxa8 17. Bxa8 Rxa8 18. cxd4 Bxd4+ 19. Be3 ({RR} 19. Kg2 Rc8) 19... Bxb2 20. Rab1) 16. Qxa7 cxd4 17. cxd4 Nb6) 15. Nf3 Bxf3 ({RR} 15... Bf5 16. Qe2 ({RR} 16. Qe3 h5 17. h3 Rc8 ({RR} 17... c5 18. dxc5 Rc8 19. b4) 18. Nh2 c5 19. g4 cxd4 20. cxd4 Nb6) 16... h5 17. h3 c5 18. Be3) 16. Qxf3 Qa5 17. Be3 Nb6 18. Bf2 Rad8 19. g4 Nc4 ({RR} 19... Nd5 20. h4 ({RR} 20. f5 exf5 21. gxf5 g5)) 20. Re2 Nd6 21. h4 ({RR} 21. a3) 21... h5 22. gxh5 Qxh5 23. Qxh5 {Karjakin,S (2767)-Dominguez Perez,L (2751) Baku 2014 CBM 163 [Sagar,Shah] 1-0 (41)}) ({RR} 8... Be6 9. Re1 Nbd7 10. e4 dxe4 11. Nxe4 Nxe4 12. Bxe4 Bd5 13. Bg5 Re8 14. Qd2 Nb6 15. Bd3 Qd7 16. Bf1 f6 17. Bh6 Nc4 18. Qc1 Nd6 19. Bxg7 Kxg7 20. Ng2 Nf7 21. Nf4 Ng5 22. Be2 e5 23. dxe5 {Seres,L (2425)-Antal,G (2546) Hungary 2019 0-1}) 9. Nxe4 $146 ({RR} 9. Nxf5 gxf5 10. Qc2 Nd7 11. f3 Nd6 12. e4 e6 13. e5 Nc8 14. Nb3 a5 15. Be3 c5 16. Nxc5 Nxc5 17. dxc5 Bxe5 18. f4 Bg7 19. c4 dxc4 20. Bxb7 Rb8 21. c6 Bd4 22. Qf2 Bxe3 23. Qxe3 Nd6 {Gadia,O-Kasznar,C Rio de Janeiro 1953 0-1 (49)}) ({RR} 9. f3 Nd6 10. e4 Bd7 11. f4 dxe4 12. Nxe4 Nxe4 13. Bxe4 f5 14. Qb3+ Kh8 15. Bg2 Qc7 16. Re1 Bf6 17. Nf3 Na6 18. Ne5 Rab8 19. a4 c5 20. Nxd7 Qxd7 21. d5 Rbc8 22. Qc4 Rfd8 23. Be3 Kg7 {Butala,M (1981)-Bogusz,A (1686) Portoroz 2017 1-0 (41)}) 9... Bxe4 10. f3 Bf5 11. Nxf5 gxf5 12. e4 fxe4 13. fxe4 e6 14. Qg4 Kh8 15. Bg5 f6 16. Bh4 Qd6 17. Rae1 dxe4 18. Qxe4 e5 19. Qf5 Qd7 20. Qh5 Qe8 21. Qxe8 Rxe8 22. dxe5 fxe5 23. Rf7 Na6 24. Rxb7 Nc5 25. Rc7 e4 26. Rxc6 Nd3 27. Re2 Rab8 28. b3 Nc1 29. Rc2 Nd3 30. Bg5 e3 31. Re2 Nc1 32. Rxe3 Rxe3 33. Bxe3 Nxa2 34. Bxa7 Rd8 35. b4 Nxc3 36. Bf1 Ra8 37. Be3 Nd5 38. Bc5 h5 39. Ra6 Rc8 40. Bg2 Nc3 41. Ra8 Rxa8 42. Bxa8 h4 43. Bc6 hxg3 44. hxg3 Be5 45. Kf2 Kg8 46. g4 Kf7 47. Ke3 Ke6 48. Bd4 Nd1+ 49. Kd3 Nb2+ 50. Ke4 1-0

[Event "45th FIDE Chess Olympiad Open"]
[Site "Budapest, Hungary"]
[Date "2024.09.13"]
[Round "3.150"]
[White "Alfaro, William"]
[Black "Rodriguez Vila, Andres"]
[Result "0-1"]
[WhiteElo "2133"]
[BlackElo "2417"]
[PlyCount "66"]
[EventDate "2024.??.??"]
[WhiteTeam "Nicaragua"]
[BlackTeam "Uruguay"]
[WhiteTeamCountry "NCA"]
[BlackTeamCountry "URU"]
[WhiteClock "0:35:31"]
[BlackClock "1:08:48"]

1. d4 d6 2. Nf3 g6 3. c4 f5 4. g3 Bg7 5. Bg2 Nf6 6. Nc3 O-O 7. O-O h6 8. Qb3 ({RR} 8. Rb1 g5 9. d5 c5 10. dxc6 Nxc6 11. b3 Qe8 12. Bb2 f4 13. Nd5 fxg3 14. hxg3 Ng4 15. Bxg7 Kxg7 16. Nh2 Qh5 17. Nxg4 Bxg4 18. Rb2 Rf7 19. Ne3 Bh3 20. Qd5 Rd8 21. b4 e5 22. c5 dxc5 {Potkin,V (2613)-Nikac,P (2395) Budva 2009 1-0 (40)}) ({RR} 8. Re1 g5 9. Qd3 Nc6 10. a3 Qe8 11. e4 fxe4 12. Nxe4 Nxe4 13. Qxe4 Bf5 14. Qd5+ e6 15. Qb5 Bg4 16. d5 Bxf3 17. dxc6 bxc6 18. Qb3 Rb8 19. Qe3 Bxg2 20. Kxg2 Bxb2 21. Bxb2 Rxb2 22. Qxa7 Qf7 {Ozalp,B (2206)-Tazbir,M (2503) chess.com INT 2023 0-1}) ({RR} 8. Re1 g5 9. e4 fxe4 10. Nxe4 Nxe4 11. Rxe4 Bf5 12. Re1 Qd7 13. Qb3 Nc6 14. d5 Na5 15. Qb4 b6 16. Be3 Bh3 17. Rac1 Bxg2 18. Kxg2 c5 19. Qa3 Qf5 20. Nd2 e6 21. dxe6 Rae8 22. b4 cxb4 {Molina,R (2418)-Rodriguez Vila,A (2481) Santos 2011 0-1 (40)}) 8... Nc6 9. d5 $146 ({RR} 9. c5+ e6 10. cxd6 cxd6 11. e3 Kh7 12. Bd2 e5 13. dxe5 dxe5 14. Rfd1 Qe7 15. Be1 Be6 16. Qa3 Qxa3 17. bxa3 Rfd8 18. Nd2 e4 19. Rab1 Ng4 20. Nb3 Rxd1 21. Rxd1 Rd8 22. Rxd8 Nxd8 23. Nb5 a6 {Palin,D-Drogilov,A (2144) Saratov 2007 0-1 (56)}) 9... Na5 10. Qa4 b6 11. Qc2 Nxc4 12. Nb5 a6 13. Qxc4 axb5 14. Qxb5 Ba6 15. Qb3 Bxe2 16. Nd4 Bxf1 17. Bxf1 Ne4 18. Qc4 Nc5 19. Rb1 e5 20. dxe6 d5 21. e7 dxc4 22. Bxc4+ Kh7 23. exd8=Q Rfxd8 24. Nc2 Rd1+ 25. Kg2 Bxb2 26. Rxb2 Rxc1 27. Ne3 Rd8 28. h4 h5 29. Bd5 f4 30. gxf4 Nd3 31. Rd2 Nxf4+ 32. Kf3 Nxd5 33. Nxd5 Kg7 0-1

[Event "45th FIDE Chess Olympiad Open"]
[Site "Budapest, Hungary"]
[Date "2024.09.13"]
[Round "3.152"]
[White "Ortiz, Marcos"]
[Black "Coppola, Claudio"]
[Result "1/2-1/2"]
[WhiteElo "2191"]
[BlackElo "2286"]
[PlyCount "144"]
[EventDate "2024.??.??"]
[WhiteTeam "Nicaragua"]
[BlackTeam "Uruguay"]
[WhiteTeamCountry "NCA"]
[BlackTeamCountry "URU"]
[WhiteClock "0:12:22"]
[BlackClock "0:02:04"]

1. e4 c5 2. Nf3 d6 3. d4 cxd4 4. Nxd4 Nf6 5. Bb5+ Bd7 6. c4 e5 ({RR} 6... Nc6 7. Nc3 g6 8. h3 Nxd4 9. Bxd7+ Qxd7 10. Qxd4 Bg7 11. Be3 O-O 12. Qd3 Qc6 13. Bd4 a6 14. Nd5 Nxd5 15. exd5 Qd7 16. Bxg7 Kxg7 17. O-O b5 18. b4 Qf5 19. Qe2 bxc4 20. Qxc4 Rfc8 21. Qd4+ {Nepomniachtchi,I (2773)-Vachier Lagrave,M (2750) Bucharest 2022 ½-½ (42)}) ({RR} 6... Nc6 7. Nc3 g6 8. h3 Nxd4 9. Bxd7+ Qxd7 10. Qxd4 Bg7 11. Be3 O-O 12. Qd3 Qc6 13. Bd4 a6 14. Nd5 Nxd5 15. exd5 Qd7 16. Bxg7 Kxg7 17. O-O b5 18. Rac1 Rac8 19. Rfe1 Kg8 20. Qd4 Rfe8 21. Re3 {Siddharth,J (2516)-Wang,S (2427) Abu Dhabi UAE 2024 ½-½ (33)}) 7. Nb3 $146 ({RR} 7. Nf5 Nxe4 8. Qd5 Bxb5 9. cxb5 Qc7 10. O-O Nf6 11. Qf3 Nbd7 12. Nc3 h5 13. Bg5 g6 14. Ne3 Bg7 15. Ned5 Nxd5 16. Nxd5 Qb8 17. Rac1 O-O 18. Nc7 Nc5 19. Nxa8 e4 20. Qe2 Qxa8 21. Be7 Re8 {Lees,D-Sutton,A Coventry/ West Midlands 1970 1-0 (31)}) ({RR} 7. Nf5 d5 8. Bxd7+ Qxd7 9. cxd5 Nxe4 10. Qg4 Bb4+ 11. Nc3 Bxc3+ 12. bxc3 g6 13. Ng7+ Kf8 14. Qxe4 Kxg7 15. Qxe5+ f6 16. Qd4 Rd8 17. c4 Nc6 18. Qc3 Re8+ 19. Be3 Ne5 20. Rd1 Qg4 21. O-O Qxc4 {Razafindratsima,T (2431)-Lutsko,A (2431) Mamaia 2022 1-0 (62)}) 7... a6 8. Bxd7+ Nbxd7 9. Be3 Nxe4 10. Qd5 Ndf6 11. Qxb7 Qc8 12. Qxc8+ Rxc8 13. f3 Rxc4 14. fxe4 Rxe4 15. Kd2 d5 16. Nc3 Rg4 17. Rae1 Rxg2+ 18. Kc1 Bd6 19. Bf4 Ng4 20. Nxd5 Nf2 21. Rhf1 Nd3+ 22. Kb1 Nxe1 23. Rxe1 O-O 24. Bg3 f5 25. Ne3 Rxg3 26. hxg3 e4 27. g4 Bb4 28. Rf1 f4 29. Nd5 Bd6 30. Nd4 f3 31. Nf5 Bc5 32. Nc3 g6 33. Nh6+ Kg7 34. Nxe4 Be7 35. g5 Rf4 36. Nf2 Bxg5 37. Nhg4 h5 38. Ne5 Bf6 39. Ned3 Rf5 40. Ne4 Bd4 41. Kc2 h4 42. Ndf2 g5 43. Kd3 Bb6 44. Ng4 Rf4 45. Ne3 g4 46. Nd5 g3 47. Nxf4 g2 48. Rd1 g1=Q 49. Rxg1+ Bxg1 50. Nh3 Bb6 51. Nd2 f2 52. Ke2 Bd4 53. b3 Kg6 54. Nf3 Bf6 55. Nxf2 Kf5 56. Ke3 Bd8 57. Nd4+ Kg6 58. Kf3 Bb6 59. Ne2 Kf5 60. Ne4 Ke5 61. Nd2 Bd8 62. Kg4 Kd5 63. Kf5 Kc5 64. a3 h3 65. Nf3 Bc7 66. Nf4 h2 67. Nxh2 Kd4 68. Ne6+ Kc3 69. Nc5 Bxh2 70. b4 Kb2 71. Nxa6 Kxa3 72. b5 Ka4 1/2-1/2

[Event "45th FIDE Chess Olympiad Open"]
[Site "Budapest, Hungary"]
[Date "2024.09.13"]
[Round "3.153"]
[White "Juarez Flores, Carlos A."]
[Black "Kulaots, Kaido"]
[Result "0-1"]
[WhiteElo "2308"]
[BlackElo "2506"]
[PlyCount "104"]
[EventDate "2024.??.??"]
[WhiteTeam "Guatemala"]
[BlackTeam "Estonia"]
[WhiteTeamCountry "GUA"]
[BlackTeamCountry "EST"]
[WhiteClock "0:00:32"]
[BlackClock "0:01:28"]

1. d4 Nf6 2. Nf3 e6 3. e3 d5 4. Bd3 c5 5. O-O Nc6 6. b3 cxd4 7. exd4 Be7 8. a3 ({RR} 8. Re1 O-O 9. c3 b6 10. Bg5 Bb7 11. Nbd2 Rc8 12. Rc1 Qc7 13. Ne5 h6 14. Bh4 Ne8 15. Bg3 Qd8 16. Bb1 Nxe5 17. Bxe5 Bg5 18. Qc2 g6 19. Rcd1 Nd6 20. Qd3 Bf6 21. Qg3 Nf5 22. Bxf5 exf5 {Bluebaum,M (2670)-Rustemov,A (2525) Chess.com INT 2021 1-0 (49)}) 8... Qc7 ({RR} 8... O-O 9. Bb2 Ne4 10. Nc3 f5 11. Re1 Bf6 12. Ne2 Qb6 13. Rf1 Bd7 14. Ne5 Nxe5 15. dxe5 Be7 16. Nd4 Rac8 17. Rc1 Bg5 18. f4 Be7 19. Qe1 Bc5 20. c3 Qxb3 21. Rc2 Bxd4+ 22. Kh1 Bb6 23. Rf3 {Otimile,M (1442)-Koubova,A (2125) Entebbe UGA 2024 0-1 (38)}) 9. Re1 b6 10. Nbd2 Bb7 $146 ({RR} 10... O-O 11. Nf1 Nd7 12. Ng3 Re8 13. Ng5 Bxg5 14. Bxg5 Bb7 15. Qh5 Nf8 16. Rad1 f6 17. Bc1 Qf7 18. Qxf7+ Kxf7 19. Be2 a6 20. h4 Rac8 21. h5 Ne7 22. Bd3 Nc6 23. Bb2 g6 24. f4 Nd7 25. Be2 {Krumina,L (2065)-Osobskaja,Z (1682) Riga 2020 ½-½ (62)}) 11. Qe2 Nh5 12. g3 Nf6 13. Bb2 O-O 14. Rac1 Rac8 15. c4 dxc4 16. bxc4 Qd8 17. Bb1 Re8 18. Qd3 g6 19. Qc3 Na5 20. Qe3 Bf8 21. Ne5 Bg7 22. Ba2 Nc6 23. Ndf3 Nxe5 24. Nxe5 Qe7 25. a4 Ba8 26. f3 Qb7 27. Bb1 Nd7 28. Be4 Qc7 29. Bxa8 Rxa8 30. f4 Nf6 31. Qf3 Qd6 32. Red1 Rac8 33. Ba3 Qd8 34. d5 exd5 35. cxd5 Rxc1 36. Bxc1 Nd7 37. Nc6 Qf6 38. d6 h5 39. Ne7+ Kh7 40. Ba3 Rd8 41. Kg2 Qe6 42. h4 Nf6 43. Rd2 Qc4 44. Re2 Qxa4 45. f5 Qd1 46. Ra2 Rxd6 47. fxg6+ fxg6 48. Bxd6 Qxd6 49. Rxa7 Ng4 50. Qe2 b5 51. Kh3 Qc5 52. Nxg6 Qxa7 0-1

[Event "45th FIDE Chess Olympiad Open"]
[Site "Budapest, Hungary"]
[Date "2024.09.13"]
[Round "3.154"]
[White "Volodin, Aleksandr"]
[Black "Giron Chavez, David Emanuel"]
[Result "1/2-1/2"]
[WhiteElo "2457"]
[BlackElo "2065"]
[PlyCount "114"]
[EventDate "2024.??.??"]
[WhiteTeam "Estonia"]
[BlackTeam "Guatemala"]
[WhiteTeamCountry "EST"]
[BlackTeamCountry "GUA"]
[WhiteClock "0:05:11"]
[BlackClock "0:03:16"]

1. d4 Nf6 2. c4 e6 3. Nf3 Bb4+ 4. Bd2 Qe7 5. g3 Nc6 6. Bg2 Bxd2+ 7. Nbxd2 d6 8. O-O O-O 9. Nb1 ({RR} 9. e3 e5 10. Qc2 Re8 11. d5 Nb8 12. e4 a5 13. Ne1 Na6 14. Nd3 Nd7 15. Rae1 Ndc5 16. Nxc5 Nxc5 17. f4 Bd7 18. Qc3 b5 19. b3 b4 20. Qe3 a4 21. f5 f6 22. g4 axb3 23. axb3 Ra2 {Vachier Lagrave,M (2727)-Praggnanandhaa,R (2727) Kolkata IND 2023 0-1 (47)}) ({RR} 9. e4 e5 10. dxe5 dxe5 11. Qc2 a5 12. c5 h6 13. Rfd1 Bg4 14. Re1 Bxf3 15. Nxf3 Rfd8 16. Rad1 Nb4 17. Qc4 Nc6 18. a3 Qe6 19. Qc2 Rd7 20. Rxd7 Nxd7 21. Bf1 Qe7 22. Rc1 Nf6 23. Bb5 Nd4 {Foisor,S (2206)-Vifleemskaia,S (1903) FIDE Online Arena INT 2024 0-1 (57)}) 9... d5 $146 ({RR} 9... e5 10. Nc3 Bg4 11. dxe5 dxe5 12. Nd5 Qd6 13. Nd2 Nd4 14. f3 Bh5 15. e3 Nc6 16. Nxf6+ Qxf6 17. Ne4 Qe7 18. Nc3 Qc5 19. Qe2 a5 20. Rfd1 Rad8 21. a3 f5 22. Nd5 Bf7 23. Nxc7 Bxc4 24. Qf2 {Srihari,L (2404)-Terry,R (2504) Chess.com INT 2022 ½-½ (66)}) ({RR} 9... e5 10. Nc3 e4 11. Nd2 e3 12. Nde4 Nxe4 13. Nxe4 Bg4 14. f4 Qd7 15. d5 Ne7 16. Qd3 Rae8 17. Qxe3 b5 18. Qd3 bxc4 19. Qxc4 Rb8 20. b3 Rfe8 21. Nf2 Bh5 22. e4 f5 23. e5 Qb5 24. Rfe1 {Paulsen,D (2292)-Becker,W (2208) Berlin 1996 1-0 (33)}) ({RR} 9... e5 10. Nc3 Bg4 11. Rb1 Bxf3 12. Bxf3 exd4 13. Bxc6 dxc3 14. Bxb7 Rab8 15. bxc3 Qe5 16. Qd3 Nd7 17. Bf3 Qa5 18. Qd5 Qxa2 19. Ra1 Qb3 20. Rxa7 Rfc8 21. Qf5 Nf6 22. Rb7 Qxc3 23. Rfb1 g6 24. Qh3 {Paulsen,D (2360)-Bartsch,B (2270) Germany 1985 1-0 (40)}) 10. Nbd2 Rd8 11. e3 e5 12. cxd5 Nxd5 13. e4 Nf6 14. d5 Nb8 15. Nc4 Bg4 16. Qb3 Bxf3 17. Bxf3 b6 18. Qc3 Nbd7 19. b4 Rac8 20. Ne3 g6 21. Rac1 Nb8 22. Ng4 Nfd7 23. Rfd1 h5 24. Ne3 c6 25. d6 Qf6 26. Bg2 Qe6 27. f4 b5 28. f5 Qf6 29. Qa3 a6 30. Rd2 g5 31. Bf1 Nb6 32. Be2 g4 33. Rcd1 Rd7 34. h3 Rcd8 35. hxg4 h4 36. gxh4 Qxh4 37. Ng2 Qh6 38. Qg3 Rxd6 39. g5 Qf8 40. Rxd6 Rxd6 41. Qxe5 Rxd1+ 42. Bxd1 N8d7 43. Qc3 c5 44. g6 fxg6 45. Qg3 cxb4 46. Bb3+ Nc4 47. Qxg6+ Qg7 48. Qe6+ Kf8 49. f6 Nxf6 50. Qxa6 Nd7 51. Qxb5 Qd4+ 52. Kh2 Qh8+ 53. Kg3 Qg7+ 54. Kh3 Qh6+ 55. Kg3 Qg7+ 56. Kf2 Qd4+ 57. Kg3 Qg7+ 1/2-1/2

[Event "45th FIDE Chess Olympiad Open"]
[Site "Budapest, Hungary"]
[Date "2024.09.13"]
[Round "3.155"]
[White "Galvez Dastin, Eduardo"]
[Black "Seeman, Tarvo"]
[Result "0-1"]
[WhiteElo "2100"]
[BlackElo "2375"]
[PlyCount "76"]
[EventDate "2024.??.??"]
[WhiteTeam "Guatemala"]
[BlackTeam "Estonia"]
[WhiteTeamCountry "GUA"]
[BlackTeamCountry "EST"]
[WhiteClock "0:02:06"]
[BlackClock "0:09:02"]

1. d4 g6 2. c4 Bg7 3. Nf3 d6 4. Nc3 Nf6 5. e4 Bg4 6. Be2 Bxf3 7. Bxf3 e5 8. d5 h5 9. h4 Nbd7 10. Bg5 ({RR} 10. Rb1 a5 11. a3 Bh6 12. Bxh6 Rxh6 13. b4 Kf8 14. g3 Rh8 15. Na4 Kg7 16. c5 axb4 17. axb4 dxc5 18. Nxc5 b6 19. Nxd7 Qxd7 20. O-O Ra3 21. Bg2 Rha8 22. Qc2 Ne8 23. Rfc1 R8a7 24. Kh2 Nd6 {Bluebaum,M (2670)-Van Foreest,J (2697) Dusseldorf GER 2023 ½-½ (52)}) 10... Bh6 11. Bxh6 Rxh6 12. Qd2 $146 ({RR} 12. g3 Kf8 13. O-O Kg7 14. b4 Rh8 15. Qe2 Nh7 16. Kg2 a5 17. a3 Qe7 18. Rab1 Nhf8 19. Qd2 Nh7 20. Qe2 Rhc8 21. Rfc1 Rh8 22. Nd1 Nhf6 23. Ne3 axb4 24. axb4 Ra4 25. Qd1 Rha8 26. Ra1 Rxa1 {Darsadze,N (1830)-Rybka,S (2322) Antalya TUR 2022 ½-½ (36)}) ({RR} 12. b4 Rh8 13. g3 Kf8 14. Rc1 a5 15. a3 Kg7 16. Qe2 axb4 17. axb4 c5 18. dxc6 bxc6 19. O-O Qb8 20. Rb1 Rd8 21. Qc2 Nf8 22. c5 Qa7 23. cxd6 Ne6 24. Ne2 Rxd6 25. Qb2 Nd4 26. Nxd4 Qxd4 {Peek,M (2245)-Sirosh,I (2365) Belgium BEL 2024 ½-½ (31)}) ({RR} 12. b4 Kf8 13. Qd2 Kg7 14. O-O Rh8 15. g3 Qe7 16. Na4 a5 17. a3 Rhc8 18. Rfc1 axb4 19. axb4 c6 20. dxc6 bxc6 21. Rd1 Rxa4 22. Rxa4 Nb6 23. Ra6 Nxc4 24. Qa2 d5 25. exd5 cxd5 26. Bxd5 Nxd5 {Bluebaum,M (2672)-Schwabeneder,F (2389) chess.com INT 2023 1-0 (35)}) 12... Rh8 13. O-O-O Kf8 14. Rdg1 a6 15. g4 hxg4 16. Bxg4 Nxg4 17. Rxg4 Nf6 18. Rgg1 Nh5 19. Ne2 Qf6 20. Qe3 Nf4 21. Nxf4 exf4 22. Qf3 Rxh4 23. Rxh4 Qxh4 24. Rg4 Qh6 25. Rxf4 Re8 26. Kc2 Re7 27. c5 Qg5 28. Qh3 Kg7 29. Rh4 Qe5 30. Qc8 Re8 31. Qxc7 Qf6 32. Qd7 Qxh4 33. Qxe8 Qxf2+ 34. Kd3 Qxc5 35. Qe7 b5 36. b4 Qc4+ 37. Ke3 Qc3+ 38. Ke2 Qe5 0-1

[Event "45th FIDE Chess Olympiad Open"]
[Site "Budapest, Hungary"]
[Date "2024.09.13"]
[Round "3.156"]
[White "Timoshin, Andrei"]
[Black "Garcia Fuentes, Sergio Miguel"]
[Result "1/2-1/2"]
[WhiteElo "2230"]
[BlackElo "2114"]
[PlyCount "47"]
[EventDate "2024.??.??"]
[WhiteTeam "Estonia"]
[BlackTeam "Guatemala"]
[WhiteTeamCountry "EST"]
[BlackTeamCountry "GUA"]
[WhiteClock "0:21:34"]
[BlackClock "0:25:45"]

1. e4 e5 2. Nf3 Nc6 3. Nc3 Nf6 4. d4 exd4 5. Nxd4 Bb4 6. Nxc6 bxc6 7. Bd3 d5 8. exd5 O-O 9. O-O Bg4 10. Be2 Bxe2 11. Nxe2 cxd5 12. Bg5 Re8 13. Nd4 Bd6 14. Qf3 Be5 15. c3 Qd7 16. Bxf6 Bxf6 17. Rad1 c6 $146 ({RR} 17... Rad8 18. b3 Be5 19. g3 g6 20. Rd3 a5 21. Rfd1 c6 22. Kg2 h5 23. h4 Bg7 24. a3 c5 25. Ne2 d4 26. cxd4 cxd4 27. Nxd4 Bxd4 28. Rxd4 Qxd4 29. Rxd4 Rxd4 30. Qc3 Rd5 31. Qc6 Ree5 32. Qc8+ {Neuman,P (2429)-Hrbek,S (2407) Ostrava CZE 2024 ½-½ (62)}) 18. Nc2 Qb7 19. b3 Qa6 20. Nb4 Qb6 21. Nc2 Qa6 22. Nb4 Qb6 23. Nc2 Qa6 24. Nb4 1/2-1/2

[Event "45th FIDE Chess Olympiad Open"]
[Site "Budapest, Hungary"]
[Date "2024.09.13"]
[Round "3.157"]
[White "Henderson de La Fuente, Lance"]
[Black "Pace, Colin"]
[Result "1-0"]
[WhiteElo "2519"]
[BlackElo "2186"]
[PlyCount "55"]
[EventDate "2024.??.??"]
[WhiteTeam "Andorra"]
[BlackTeam "Malta"]
[WhiteTeamCountry "AND"]
[BlackTeamCountry "MLT"]
[WhiteClock "0:32:44"]
[BlackClock "0:04:35"]

1. d4 Nf6 2. Nf3 g6 3. Nbd2 Bg7 4. e4 d6 5. Bd3 O-O 6. O-O Nc6 7. c3 e5 8. dxe5 Nxe5 9. Nxe5 dxe5 10. Nc4 Nd7 11. b4 Nb6 12. Na5 Qe7 13. Be3 Rd8 14. Qc2 $146 ({RR} 14. Qe2 c6 15. Nb3 Na4 16. Qc2 Be6 17. Rab1 Nb6 18. Nc5 Bc4 19. Be2 Bf6 20. a4 Bxe2 21. Qxe2 Nc8 22. Rfd1 Nd6 23. f3 Bg5 24. Bf2 b6 25. Na6 Rac8 26. c4 Qe6 27. c5 Qc4 28. Kf1 Qxe2+ {Taimanov,M (2495)-Gurieli,N (2355) Palma de Mallorca 1989 ½-½ (40)}) 14... c6 15. Rab1 Be6 16. c4 Qc7 17. c5 Nd7 18. a4 Nxc5 19. Bxc5 b6 20. Be7 Re8 21. Nxc6 Bd7 22. b5 Bxc6 23. Bb4 a5 24. Ba3 Re6 25. bxc6 Rxc6 26. Qe2 Rd8 27. Rbc1 Rc3 28. Bb2 1-0

[Event "45th FIDE Chess Olympiad Open"]
[Site "Budapest, Hungary"]
[Date "2024.09.13"]
[Round "3.158"]
[White "Novak, Attila Robert"]
[Black "Fluvia Poyatos, Jordi"]
[Result "1/2-1/2"]
[WhiteElo "2135"]
[BlackElo "2438"]
[PlyCount "88"]
[EventDate "2024.??.??"]
[WhiteTeam "Malta"]
[BlackTeam "Andorra"]
[WhiteTeamCountry "MLT"]
[BlackTeamCountry "AND"]
[WhiteClock "0:09:41"]
[BlackClock "0:26:32"]

1. d4 Nf6 2. Nf3 e6 3. g3 b5 4. Bg2 Bb7 5. a4 b4 6. c4 c5 ({RR} 6... bxc3 7. Nxc3 a5 8. O-O Na6 9. Bf4 Be7 10. Qb1 d5 11. Ne5 O-O 12. Rc1 c6 13. e4 Qb6 14. Be3 Nb4 15. g4 Qd8 16. g5 Nd7 17. Nf3 Ba6 18. Rd1 Rb8 19. h4 Kh8 20. Rd2 f5 21. exf5 {Adly,A (2611)-Abdusattorov,N (2560) Dubai 2019 0-1 (46)}) ({RR} 6... bxc3 7. bxc3 Be7 8. c4 O-O 9. O-O a5 10. Nc3 Na6 11. d5 exd5 12. cxd5 Re8 13. Ng5 Bb4 14. Nce4 h6 15. d6 Bxe4 16. Nxe4 Nxe4 17. dxc7 Nxc7 18. Bb2 Nc3 19. Bxc3 Bxc3 20. Rc1 Bb4 21. Bxa8 {Bilan,D (2303)-Castellanos Rodriguez,R (2469) chess.com INT 2024 0-1}) 7. e3 Qc7 8. b3 $146 ({RR} 8. Nbd2 d6 9. O-O Nbd7 10. a5 a6 11. Re1 Be7 12. Nh4 Bxg2 13. Nxg2 Qb7 14. Qf3 Qxf3 15. Nxf3 O-O 16. Nd2 Rfc8 17. Rd1 Bf8 18. b3 g6 19. Bb2 Bg7 20. f4 Rab8 21. Nh4 Ne8 22. Ra2 Rb7 {Schmidt,H (2186)-Voloshin,L (2463) Buchen 2007 ½-½}) 8... Be7 9. Bb2 O-O 10. O-O d5 11. Nbd2 Nbd7 12. Rc1 Rfd8 13. Qc2 Rac8 14. Qb1 Qb8 15. Rfd1 dxc4 16. Nxc4 Qa8 17. Ne1 Bxg2 18. Nxg2 Ne4 19. h4 Bf6 20. Nd2 Nxd2 21. Rxd2 Ne5 22. Ne1 cxd4 23. Rxc8 Rxc8 24. Bxd4 Ng4 25. Qd1 h5 26. Rc2 Rxc2 27. Nxc2 Bxd4 28. Nxd4 Qd5 29. Qc2 Ne5 30. Qc8+ Kh7 31. Qc2+ Kg8 32. Qc8+ Kh7 33. Qc2+ g6 34. Qc7 a5 35. f4 Nd7 36. Qc6 Nc5 37. Qxd5 exd5 38. Kf2 Kg7 39. Kf3 f5 40. Ke2 Kf7 41. Kf3 Ke7 42. Kf2 Kd6 43. Kf3 Ne4 44. Kg2 Nc5 1/2-1/2